Biện pháp quản lý hoạt động nghiên cứu khoa học của sinh viên phân hiệu Đại học Đà Nẵng tại Kon Tum
Cơ sở lý luận về quản lý hoạt động nghiên cứu khoa học của sinh viên trường đại học. Thực trạng quản lý hoạt động nghiên cứu khoa học của sinh viên Phân hiệu Đại học Đà Nẵng tại Kon Tum. Các biện pháp quản lý hoạt động nghiên cứu khoa học của sinh viên Phân hiệu Đại học Đà Nẵng tại Kon Tum....
Uloženo v:
| Hlavní autor: | |
|---|---|
| Další autoři: | |
| Médium: | Kniha |
| Jazyk: | Vietnamese |
| Vydáno: |
Đà Nẵng
Đại học Đà Nẵng
2015
|
| Témata: | |
| Tagy: |
Přidat tag
Žádné tagy, Buďte první, kdo otaguje tento záznam!
|
| Thư viện lưu trữ: | Mạng thư viện Đại học Đà Nẵng |
|---|
| LEADER | 01907nam a2200349 4500 | ||
|---|---|---|---|
| 001 | 000023398 | ||
| 003 | 19849 | ||
| 005 | 20151207091223.0 | ||
| 008 | 151201s2015 viesd | ||
| 041 | |a vie | ||
| 082 | 1 | 4 | |a 378.2 |b ĐI-T |
| 100 | 1 | |a Đinh Thị Thanh | |
| 245 | 1 | |a Biện pháp quản lý hoạt động nghiên cứu khoa học của sinh viên phân hiệu Đại học Đà Nẵng tại Kon Tum |c Đinh Thị Thanh ; Trần Xuân Bách hướng dẫn. |k Luận văn Thạc sĩ | |
| 260 | |a Đà Nẵng |b Đại học Đà Nẵng |c 2015 | ||
| 300 | |a 88 tr., phụ lục 18 tr. |c 29 cm. |e Tóm tắt | ||
| 500 | |a Luận văn thạc sĩ Quản lý giáo dục. Chuyên ngành: Quản lý giáo dục. Mã số: 60.14.01.14 | ||
| 520 | 3 | |a Cơ sở lý luận về quản lý hoạt động nghiên cứu khoa học của sinh viên trường đại học. Thực trạng quản lý hoạt động nghiên cứu khoa học của sinh viên Phân hiệu Đại học Đà Nẵng tại Kon Tum. Các biện pháp quản lý hoạt động nghiên cứu khoa học của sinh viên Phân hiệu Đại học Đà Nẵng tại Kon Tum. | |
| 650 | 0 | 4 | |a Giáo dục đại học |v Luận văn tốt nghiệp |x Quản lý |x Nghiên cứu khoa học |z Kom Tum |
| 653 | |a Nghiên cứu khoa học | ||
| 653 | |a Giáo dục Đại học | ||
| 653 | |a Quản lý giáo dục | ||
| 700 | 1 | |a Trần Xuân Bách |c TS. |e Hướng dẫn | |
| OWN | |a LSP | ||
| AVA | |a UDN50 |b LSP |d 378.2 ĐI-T |e available |t Error 5001 Not defined in file expand_doc_bib_avail. |f 1 |g 0 |h N |i 0 |k 1 | ||
| 999 | |a From the UDN01 | ||
| AVA | |a UDN50 |b LSP |d 378.2 ĐI-T |e available |t Error 5001 Not defined in file expand_doc_bib_avail. |f 1 |g 0 |h N |i 0 |k 1 | ||
| TYP | |a Monograph | ||
| TYP | |a Printed language | ||
| 980 | |a Mạng thư viện Đại học Đà Nẵng | ||